| Поле | Название | Значение |
| |
Тип записи |
a |
| |
Библиографический уровень |
m |
| 001 |
Контрольный номер |
2c0016a12d644b1da22b2d3565ad475b |
| 005 |
Дата корректировки |
20150706162111.0 |
| 010 |
Индекс ISBN |
__ |
| a |
ISBN |
978-5-9916-3601-8 |
| 010 |
Индекс ISBN |
__ |
| a |
ISBN |
978-5-9692-1516-0 |
| 101 |
Язык документа |
0_ |
| a |
Язык текста |
rus |
| 102 |
Страна публикации |
__ |
| a |
Страна публикации |
RU |
| 200 |
Заглавие и сведения об ответственности |
1_ |
| a |
Заглавие |
Менеджмент. Теория и практика |
| b |
Общее обозначение материала |
Текст |
| e |
Сведения, относящиеся к заглавию |
учеб. для вузов |
| f |
Первые сведения об ответственности |
под общ. ред. И.Н. Шапкина |
| g |
Последующие сведения об ответственности |
Финансовый ун-т при Правительстве РФ |
| 205 |
Сведения об издании |
__ |
| a |
Основные сведения об издании |
4-е изд., перераб. и доп. |
| 210 |
Выходные данные |
1_ |
| a |
Место издания |
Москва |
| c |
Издательство |
Юрайт |
| d |
Дата издания |
2014 |
| 215 |
Физическое описание |
__ |
| a |
Объем |
692 с. |
| 225 |
Серия |
2_ |
| a |
Серия |
Бакалавр. Углубленный курс |
| 610 |
Ключевые слова |
0_ |
| a |
Ключевые слова |
Менеджмент |
| 610 |
Ключевые слова |
0_ |
| a |
Ключевые слова |
управленческие решения |
| 610 |
Ключевые слова |
0_ |
| a |
Ключевые слова |
организационная структура |
| 610 |
Ключевые слова |
0_ |
| a |
Ключевые слова |
Управление предприятием |
| 610 |
Ключевые слова |
0_ |
| a |
Ключевые слова |
имидж руководителя |
| 686 |
Индексы других классификаций |
__ |
| a |
Классификационный индекс |
65.050.9(2)2я73 |
| 702 |
Вторичная интеллектуальная ответственность |
_1 |
| a |
Фамилия |
Шапкин |
| b |
Имя |
И. Н. |
| g |
Полное личное имя |
Игорь Николаевич |
| e |
Роль лиц |
Редактор |
| 4 |
Код отношения |
340 |
| 711 |
Наименование организации. (Альтернативная ответственность) |
02 |
| a |
Организация/ юрисдикция |
Финансовый ун-т при Правительстве РФ |
| 801 |
Источник записи |
_0 |
| a |
Страна |
RU |
| b |
Организация |
РУК |
| c |
Дата составления |
20150706 |
| g |
Правила каталогизации |
PSBO |
| 801 |
Источник записи |
_1 |
| a |
Страна |
RU |
| b |
Организация |
РУК |
| g |
Правила каталогизации |
PSBO |
| 852 |
Данные о местонахождении |
__ |
| i |
Авторский знак |
М 50 |
| j |
Шифр хранения |
ББК 65.050 |
| 901 |
Тип документа |
__ |
| t |
Тип документа |
m |
| 937 |
Технологическая информация |
__ |
| a |
Создатель записи (имя) |
Золотухина |
| 938 |
Служебная информация |
__ |
| a |
Название организации |
Головной вуз |
| 952 |
Тип литературы |
__ |
| b |
Гриф литературы для ВШ |
гриф УМО |
| c |
Вид литературы |
учебник |